[Event "EU-ch 23rd"]
[Site "Vrnjacka Banja"]
[Date "2023.03.12"]
[Round "10"]
[White "Han, Yichen"]
[Black "Kojovic, Dragan"]
[Result "1-0"]
[WhiteElo "2405"]
[BlackElo "2272"]
[PlyCount "57"]
[EventDate "2023.03.03"]
[EventType "swiss"]
[EventRounds "11"]
[EventCountry "SRB"]
[SourceTitle "CBM 213"]
[Source "ChessBase"]
[SourceDate "2023.04.30"]
[SourceVersion "1"]
[SourceVersionDate "2023.04.30"]
[SourceQuality "1"]

1. e4 c5 2. Nf3 a6 3. c3 e6 4. Be2 d5 5. exd5 exd5 6. d4 Nc6 7. 0-0 Bd6 8. Bg5 Nge7 9. c4 f6 10. cxd5 Nxd4 11. Nxd4 cxd4 12. Bh5+ Ng6 13. Re1+ Kf7 14. Qf3 Re8 15. Nd2 Kg8 16. Rxe8+ Qxe8 17. Nc4 Qe7 18. Nxd6 Qxd6 19. Bd2 Bd7 20. Qb3 a5 21. Qxb7 Rb8 22. Qa7 Rxb2 23. Qxd4 Rb5 24. Be2 Rc5 25. Rc1 Rxc1+ 26. Bxc1 Be6 27. Bc4 Ne5 28. dxe6 Nxc4 29. Qxc4 1-0

[Event "EU-ch 23rd"]
[Site "Vrnjacka Banja"]
[Date "2023.03.03"]
[Round "1"]
[White "Kojovic, Dragan"]
[Black "Svane, Frederik"]
[Result "0-1"]
[WhiteElo "2272"]
[BlackElo "2577"]
[PlyCount "78"]
[EventDate "2023.03.03"]
[EventType "swiss"]
[EventRounds "11"]
[EventCountry "SRB"]
[SourceTitle "CBM 213"]
[Source "ChessBase"]
[SourceDate "2023.04.30"]
[SourceVersion "1"]
[SourceVersionDate "2023.04.30"]
[SourceQuality "1"]

1. e4 c5 2. Nc3 Nc6 3. f4 g6 4. Nf3 Bg7 5. Bb5 Nd4 6. Bd3 d6 7. Nxd4 cxd4 8. Ne2 Nf6 9. 0-0 0-0 10. Ng3 Bd7 11. Qe2 Bc6 12. c4 a5 13. b3 Nd7 14. Rb1 Nc5 15. a3 Qd7 16. a4 Rae8 17. Ba3 b6 18. Bc2 e6 19. Rfe1 h5 20. Bxc5 bxc5 21. e5 dxe5 22. fxe5 Qe7 23. Be4 Bd7 24. Bf3 Qg5 25. Bb7 Rb8 26. Ba6 Bc6 27. Bb5 Ba8 28. Nf1 h4 29. h3 Bxe5 30. d3 Bf4 31. Rb2 e5 32. Bd7 Rbd8 33. Bg4 f5 34. Bf3 e4 35. dxe4 d3 36. Qd1 Rfe8 37. e5 d2 38. Bxa8 dxe1Q 39. Qxe1 Rxa8 0-1

[Event "SRB-ch Blitz"]
[Site "Paracin"]
[Date "2022.06.05"]
[Round "6"]
[White "Kojovic, Dragan"]
[Black "Bogosavljevic, Boban"]
[Result "0-1"]
[WhiteElo "2285"]
[BlackElo "2522"]
[PlyCount "84"]
[EventDate "2022.06.05"]
[EventType "swiss (blitz)"]
[EventRounds "13"]
[EventCountry "SRB"]
[SourceTitle "CBM 208 Extra"]
[Source "ChessBase"]
[SourceDate "2022.07.31"]
[SourceVersion "1"]
[SourceVersionDate "2022.07.31"]
[SourceQuality "1"]

1. e4 c5 2. b4 b6 3. bxc5 bxc5 4. Bb2 Nc6 5. Nf3 Rb8 6. Bc3 Nf6 7. Bxf6 gxf6 8. Nc3 e6 9. g3 Nd4 10. Bg2 Ba6 11. Rb1 Bh6 12. Nxd4 cxd4 13. Ne2 Rxb1 14. Qxb1 Qa5 15. f4 0-0 16. Nxd4 Rc8 17. c3 Bf8 18. Bf1 Bc5 19. Nb3 Qb6 20. Bxa6 Qxa6 21. Nxc5 Rxc5 22. Kf2 Ra5 23. Ke3 Rxa2 24. Qb8+ Kg7 25. Rb1 Ra1 26. Rxa1 Qxa1 27. Qd8 Qe1+ 28. Kd3 Qb1+ 29. Ke3 Qg1+ 30. Kf3 Qh1+ 31. Kg4 Qd1+ 32. Kh3 Qh5+ 33. Kg2 Qe2+ 34. Kh3 Qxe4 35. Qxd7 a5 36. d4 Qf5+ 37. Kg2 Qd5+ 38. Qxd5 exd5 39. c4 a4 40. cxd5 a3 41. d6 Kf8 42. Kf3 a2 0-1

[Event "SRB-ch sf"]
[Site "Paracin"]
[Date "2022.03.18"]
[Round "3"]
[White "Kojovic, Dragan"]
[Black "Radosavljevic, Slobodan D"]
[Result "1-0"]
[WhiteElo "2298"]
[BlackElo "2083"]
[PlyCount "65"]
[EventDate "2022.03.17"]
[EventType "swiss"]
[EventRounds "9"]
[EventCountry "SRB"]
[SourceTitle "CBM 207 Extra"]
[Source "ChessBase"]
[SourceDate "2022.05.31"]
[SourceVersion "1"]
[SourceVersionDate "2022.05.31"]
[SourceQuality "1"]

1. e4 e5 2. d4 exd4 3. Qxd4 Nc6 4. Qa4 Nf6 5. Bb5 Bc5 6. Nf3 0-0 7. 0-0 d6 8. Bxc6 bxc6 9. b4 Bb6 10. Qxc6 Rb8 11. Qc4 Bb7 12. Bg5 Bxe4 13. Nbd2 d5 14. Qc3 d4 15. Qb3 Ba8 16. Rfe1 h6 17. Bh4 d3 18. cxd3 g5 19. Bg3 Nd5 20. a3 Qf6 21. Ne4 Qf5 22. Rac1 Rfe8 23. Qb2 Re6 24. Nd4 Bxd4 25. Qxd4 Rbe8 26. f3 Qg6 27. Nc5 Rxe1+ 28. Rxe1 Rxe1+ 29. Bxe1 Nf4 30. Qd8+ Kh7 31. Qxa8 Nxd3 32. Nxd3 Qxd3 33. Qe4+ 1-0

[Event "SRB-chT 1st League CS"]
[Site "Bajina Basta"]
[Date "2021.10.03"]
[Round "11.5"]
[White "Cvetanovic, Uros"]
[Black "Kojovic, Dragan"]
[Result "1/2-1/2"]
[WhiteElo "2239"]
[BlackElo "2297"]
[PlyCount "117"]
[EventDate "2021.09.26"]
[EventType "team-tourn"]
[EventRounds "11"]
[EventCountry "SRB"]
[SourceTitle "EXT 2023"]
[Source "ChessBase"]
[SourceDate "2022.10.05"]
[SourceVersion "1"]
[SourceVersionDate "2022.10.05"]
[SourceQuality "1"]
[WhiteTeam "Paracin OSK"]
[BlackTeam "Gornji Milanovac Metalac"]
[WhiteTeamCountry "SRB"]
[BlackTeamCountry "SRB"]

1. Nc3 d5 2. e4 c6 3. Nf3 Bg4 4. h3 Bxf3 5. Qxf3 e6 6. d4 Qb6 7. Bd3 Nd7 8. 0-0 Ngf6 9. e5 Ng8 10. Ne2 c5 11. c3 Ne7 12. dxc5 Qxc5 13. Qg3 Qc7 14. f4 g6 15. Nd4 a6 16. Bd2 Nf5 17. Qf2 h5 18. g4 hxg4 19. hxg4 Nxd4 20. cxd4 Rh3 21. Qe2 Qb6 22. Kg2 Rh7 23. Be3 Nb8 24. Rac1 Nc6 25. a3 Be7 26. b4 Kd7 27. Rh1 Rah8 28. Rxh7 Rxh7 29. Rh1 Rxh1 30. Kxh1 Na7 31. f5 gxf5 32. gxf5 Qd8 33. Qh5 Qg8 34. f6 Qg3 35. fxe7 Qxe3 36. Qxf7 Qh6+ 37. Kg2 Qg5+ 38. Kf3 Qxe7 39. Qxe7+ Kxe7 40. Ke3 Kd7 41. Kd2 Ke7 42. Ke3 Kf7 43. Be2 Nc8 44. a4 Na7 45. Bh5+ Ke7 46. Kd2 Nc6 47. Kc3 Kd7 48. Bg4 Ne7 49. Kd3 Nc8 50. Kc3 Nb6 51. a5 Na8 52. Be2 Nc7 53. Kb3 Nb5 54. Bxb5+ axb5 55. Kc3 Ke7 56. Kd3 Kf7 57. Ke3 Kg6 58. Kf4 Kh5 59. Kf3 1/2-1/2

[Event "SRB-chT 1st League CS"]
[Site "Bajina Basta"]
[Date "2021.10.01"]
[Round "9.5"]
[White "Vlajkovic, Stanko"]
[Black "Kojovic, Dragan"]
[Result "0-1"]
[WhiteElo "2202"]
[BlackElo "2297"]
[PlyCount "76"]
[EventDate "2021.09.26"]
[EventType "team-tourn"]
[EventRounds "11"]
[EventCountry "SRB"]
[SourceTitle "EXT 2023"]
[Source "ChessBase"]
[SourceDate "2022.10.05"]
[SourceVersion "1"]
[SourceVersionDate "2022.10.05"]
[SourceQuality "1"]
[WhiteTeam "Arandjelovac"]
[BlackTeam "Gornji Milanovac Metalac"]
[WhiteTeamCountry "SRB"]
[BlackTeamCountry "SRB"]

1. Nf3 Nf6 2. g3 e6 3. Bg2 Be7 4. 0-0 0-0 5. d3 d5 6. Nbd2 b6 7. e4 dxe4 8. dxe4 Bb7 9. Qe2 Na6 10. e5 Nd7 11. h4 Qc8 12. h5 Nac5 13. b4 Na4 14. Qb5 Nc3 15. Qd3 Nd5 16. a3 b5 17. Re1 c5 18. Ne4 c4 19. Qd4 a5 20. Nd6 Bxd6 21. exd6 axb4 22. h6 f6 23. Bh3 Nc5 24. axb4 Rxa1 25. Qxa1 Nxb4 26. Nd4 Re8 27. Qa7 Nxc2 28. Nxc2 Qc6 29. Kh2 Ra8 30. d7 Nxd7 31. Qe3 Ne5 32. f3 Nxf3+ 33. Kg2 Nxe1+ 34. Kf2 Nd3+ 35. Ke2 Nxc1+ 36. Qxc1 Qf3+ 37. Kd2 Rd8+ 38. Ke1 Qxg3+ 0-1

[Event "SRB-chT 1st League CS"]
[Site "Bajina Basta"]
[Date "2021.09.30"]
[Round "7.5"]
[White "Zivkovic, Nemanja"]
[Black "Kojovic, Dragan"]
[Result "1-0"]
[WhiteElo "2318"]
[BlackElo "2297"]
[PlyCount "79"]
[EventDate "2021.09.26"]
[EventType "team-tourn"]
[EventRounds "11"]
[EventCountry "SRB"]
[SourceTitle "EXT 2023"]
[Source "ChessBase"]
[SourceDate "2022.10.05"]
[SourceVersion "1"]
[SourceVersionDate "2022.10.05"]
[SourceQuality "1"]
[WhiteTeam "Nis Nais"]
[BlackTeam "Gornji Milanovac Metalac"]
[WhiteTeamCountry "SRB"]
[BlackTeamCountry "SRB"]

1. c4 e5 2. Nc3 Bb4 3. g3 Nf6 4. Bg2 0-0 5. e4 Bxc3 6. dxc3 b6 7. Ne2 Bb7 8. f3 Qe7 9. g4 c6 10. Ng3 Qe6 11. g5 Ne8 12. b3 g6 13. h4 Qe7 14. Be3 Na6 15. Qe2 Nc5 16. f4 exf4 17. Bxf4 d6 18. e5 dxe5 19. 0-0 Nd3 20. Qxd3 exf4 21. Rxf4 Rd8 22. Rd4 Nc7 23. Rd1 Ne6 24. Qe3 Qc7 25. Ne4 Nxd4 26. cxd4 Kh8 27. Nf6 Qd6 28. d5 Qc5 29. Rd4 cxd5 30. cxd5 Rd6 31. Ne4 Qc7 32. Rc4 Qe7 33. Qc3+ f6 34. Rc7 Rd7 35. Rxd7 Qxd7 36. Nxf6 Qg7 37. d6 Bxg2 38. Kxg2 Qb7+ 39. Kg3 Rc8 40. Qe5 1-0

[Event "SRB-chT 1st League"]
[Site "Bajina Basta"]
[Date "2020.10.17"]
[Round "11.2"]
[White "Narancic, Vlado"]
[Black "Kojovic, Dragan"]
[Result "1-0"]
[WhiteElo "2281"]
[BlackElo "2307"]
[PlyCount "125"]
[EventDate "2020.10.10"]
[EventType "team-tourn"]
[EventRounds "11"]
[EventCountry "SRB"]
[SourceTitle "CBM 198 Extra"]
[Source "ChessBase"]
[SourceDate "2020.11.30"]
[SourceVersion "1"]
[SourceVersionDate "2020.11.30"]
[SourceQuality "1"]
[WhiteTeam "Valjevo Sveti Nikolaj"]
[BlackTeam "Gorni Milanovac"]
[WhiteTeamCountry "SRB"]
[BlackTeamCountry "SRB"]

1. Nf3 d5 2. g3 g6 3. Bg2 Bg7 4. d3 Nf6 5. c3 0-0 6. Nbd2 b6 7. Qc2 Nbd7 8. 0-0 e5 9. Re1 Bb7 10. e4 dxe4 11. dxe4 Re8 12. b4 a5 13. a3 Qe7 14. Bb2 Rec8 15. Bf1 Ne8 16. Nc4 Nd6 17. Nfd2 Bh6 18. Ne3 Nf6 19. f3 c5 20. Qb3 a4 21. Qa2 b5 22. bxc5 Rxc5 23. c4 Ba6 24. Bc3 bxc4 25. Qc2 Qa7 26. Kg2 Bxe3 27. Rxe3 Nb5 28. Bb4 Rcc8 29. Rae1 c3 30. Nb1 Nd4 31. Qf2 Bxf1+ 32. Rxf1 c2 33. Nc3 Nb3 34. Ree1 Qxf2+ 35. Kxf2 c1Q 36. Rxc1 Nxc1 37. Rxc1 Rc4 38. Rd1 Kg7 39. Ke3 g5 40. Rd2 h6 41. Nb5 Rb8 42. Nd6 Rcxb4 43. axb4 Rxb4 44. Nf5+ Kg6 45. Rd6 Rb3+ 46. Ke2 g4 47. fxg4 a3 48. Ne7+ Kg7 49. Nf5+ Kg6 50. Ne7+ Kg5 51. h4+ Kxg4 52. Rxf6 a2 53. Ra6 Rxg3 54. Nf5 Rh3 55. Nxh6+ Kf4 56. Nxf7 Rxh4 57. Kd3 Rh7 58. Rxa2 Rh3+ 59. Kc4 Rh1 60. Nd6 Rd1 61. Kc5 Rc1+ 62. Kd5 Rd1+ 63. Ke6 1-0

[Event "SRB-chT 1st League"]
[Site "Bajina Basta"]
[Date "2020.10.15"]
[Round "8.6"]
[White "Budisavljevic, Luka"]
[Black "Kojovic, Dragan"]
[Result "1/2-1/2"]
[WhiteElo "2454"]
[BlackElo "2307"]
[PlyCount "96"]
[EventDate "2020.10.10"]
[EventType "team-tourn"]
[EventRounds "11"]
[EventCountry "SRB"]
[SourceTitle "CBM 198 Extra"]
[Source "ChessBase"]
[SourceDate "2020.11.30"]
[SourceVersion "1"]
[SourceVersionDate "2020.11.30"]
[SourceQuality "1"]
[WhiteTeam "Kostolac Rudar"]
[BlackTeam "Gorni Milanovac"]
[WhiteTeamCountry "SRB"]
[BlackTeamCountry "SRB"]

1. d4 Nf6 2. c4 e6 3. Nc3 d5 4. cxd5 exd5 5. Bg5 c6 6. e3 Be7 7. Bd3 h6 8. Bh4 Nbd7 9. Qc2 Nh5 10. Bxe7 Qxe7 11. Nge2 Ndf6 12. 0-0-0 g6 13. Kb1 Ng7 14. Ng3 Be6 15. Rc1 0-0-0 16. Na4 Kb8 17. Nc5 Bc8 18. Qa4 Ne6 19. Nb3 h5 20. h4 Ng4 21. Rc2 f5 22. Rhc1 Rde8 23. Na5 Nd8 24. b4 Nxf2 25. Rxf2 Qxe3 26. Rf3 Qxd4 27. Ne2 Qxh4 28. Qb3 a6 29. Qc3 Rh7 30. Nd4 Rc7 31. Qc5 Ne6 32. Nxe6 Rxe6 33. Nb3 Qg5 34. Bf1 Re4 35. Qb6 Qg4 36. a3 Rce7 37. Na5 Ka8 38. Bxa6 Re1 39. Rfc3 bxa6 40. Qxc6+ Bb7 41. Nxb7 Rxc1+ 42. Rxc1 Qe4+ 43. Kb2 Qd4+ 44. Kb3 Qd3+ 45. Rc3 Qd1+ 46. Rc2 Qd3+ 47. Rc3 Qd1+ 48. Rc2 Qd3+ 1/2-1/2

[Event "SRB-chT 1st League"]
[Site "Bajina Basta"]
[Date "2020.10.15"]
[Round "9.1"]
[White "Kojovic, Dragan"]
[Black "Ivic, Velimir"]
[Result "0-1"]
[WhiteElo "2307"]
[BlackElo "2548"]
[PlyCount "80"]
[EventDate "2020.10.10"]
[EventType "team-tourn"]
[EventRounds "11"]
[EventCountry "SRB"]
[SourceTitle "CBM 198 Extra"]
[Source "ChessBase"]
[SourceDate "2020.11.30"]
[SourceVersion "1"]
[SourceVersionDate "2020.11.30"]
[SourceQuality "1"]
[WhiteTeam "Gorni Milanovac"]
[BlackTeam "Pozega"]
[WhiteTeamCountry "SRB"]
[BlackTeamCountry "SRB"]

1. d4 Nf6 2. c4 g6 3. Nc3 d5 4. Nf3 Bg7 5. e3 0-0 6. Qb3 e6 7. Bd2 b6 8. cxd5 exd5 9. Be2 Bb7 10. 0-0 Nbd7 11. Rfd1 c5 12. dxc5 Nxc5 13. Qa3 Re8 14. Be1 Bf8 15. b4 Ncd7 16. Qb3 Rc8 17. Rac1 a6 18. h3 Qe7 19. a3 Red8 20. Rc2 Ne5 21. Nd4 Nc4 22. Bf3 Qe5 23. Nce2 Bd6 24. g3 Ne4 25. Bg2 h5 26. f4 Qe8 27. Nf3 Bc6 28. Ned4 Ba4 29. Qd3 Bxc2 30. Nxc2 Nb2 31. Qe2 Nxd1 32. Qxd1 Bf8 33. g4 hxg4 34. hxg4 Qa4 35. Nfd4 Bg7 36. Qd3 Bxd4 37. Nxd4 Rc1 38. Nf3 Qd1 39. Qxa6 Nd2 40. Nxd2 Qxd2 0-1

[Event "SRB-chT 1st League"]
[Site "Bajina Basta"]
[Date "2020.10.13"]
[Round "6.5"]
[White "Drenchev, Petar"]
[Black "Kojovic, Dragan"]
[Result "1-0"]
[WhiteElo "2434"]
[BlackElo "2307"]
[PlyCount "75"]
[EventDate "2020.10.10"]
[EventType "team-tourn"]
[EventRounds "11"]
[EventCountry "SRB"]
[SourceTitle "CBM 198 Extra"]
[Source "ChessBase"]
[SourceDate "2020.11.30"]
[SourceVersion "1"]
[SourceVersionDate "2020.11.30"]
[SourceQuality "1"]
[WhiteTeam "Arandjelovac"]
[BlackTeam "Gorni Milanovac"]
[WhiteTeamCountry "SRB"]
[BlackTeamCountry "SRB"]

1. d4 Nf6 2. c4 g6 3. Nc3 d5 4. Nf3 Bg7 5. Qb3 dxc4 6. Qxc4 a6 7. e4 b5 8. Qb3 c5 9. dxc5 Be6 10. Qc2 Nc6 11. Be2 Qc8 12. a3 0-0 13. 0-0 b4 14. axb4 Nxb4 15. Qa4 Qb7 16. Nd4 Bd7 17. Qb3 e5 18. Nc2 a5 19. Nxb4 Qxb4 20. Qxb4 axb4 21. Rxa8 Rxa8 22. Nd5 Nxe4 23. Bf3 f5 24. Bxe4 fxe4 25. Nb6 Ra7 26. Nxd7 Rxd7 27. Be3 Kf7 28. Rc1 Ke6 29. c6 Rc7 30. Bb6 Rc8 31. b3 Bh6 32. Rc2 Bf8 33. Kf1 Kd5 34. c7 Bd6 35. Ke2 Be7 36. Rd2+ Kc6 37. Rd8 Kb7 38. Rxc8 1-0

[Event "SRB-chT 1st League"]
[Site "Bajina Basta"]
[Date "2020.10.11"]
[Round "2.3"]
[White "Dudin, Gleb"]
[Black "Kojovic, Dragan"]
[Result "1/2-1/2"]
[WhiteElo "2386"]
[BlackElo "2307"]
[PlyCount "81"]
[EventDate "2020.10.10"]
[EventType "team-tourn"]
[EventRounds "11"]
[EventCountry "SRB"]
[SourceTitle "CBM 198 Extra"]
[Source "ChessBase"]
[SourceDate "2020.11.30"]
[SourceVersion "1"]
[SourceVersionDate "2020.11.30"]
[SourceQuality "1"]
[WhiteTeam "Paracin"]
[BlackTeam "Gorni Milanovac"]
[WhiteTeamCountry "SRB"]
[BlackTeamCountry "SRB"]

1. d4 Nf6 2. c4 c5 3. d5 b5 4. cxb5 a6 5. bxa6 Bxa6 6. Nc3 g6 7. Nf3 d6 8. e4 Bxf1 9. Kxf1 Bg7 10. g3 0-0 11. Kg2 Nbd7 12. a4 Ra6 13. Qe2 Qa8 14. Rd1 Rb8 15. Ra3 Ne8 16. Bf4 Bxc3 17. Rxc3 Rxa4 18. e5 Nb6 19. Rcd3 Nc4 20. exd6 exd6 21. Bc1 Ng7 22. b3 Ra2 23. Qe7 Re8 24. Qd7 Rd8 25. Qc6 Nb2 26. Bxb2 Rxb2 27. Ng5 Qxc6 28. dxc6 Nf5 29. Ne4 Nd4 30. Rc3 Nxc6 31. Rxd6 Rxd6 32. Nxd6 Ne5 33. Rxc5 Ng4 34. Rc8+ Kg7 35. Ne4 f5 36. Rc7+ Kg8 37. h3 fxe4 38. hxg4 e3 39. Kf3 exf2 40. Kg2 Rxb3 41. Kxf2 1/2-1/2

[Event "SRB-chT 1st League"]
[Site "Bajina Basta"]
[Date "2020.10.10"]
[Round "1.5"]
[White "Kojovic, Dragan"]
[Black "Celik, Hasan Huseyin"]
[Result "1-0"]
[WhiteElo "2307"]
[BlackElo "1970"]
[PlyCount "85"]
[EventDate "2020.10.10"]
[EventType "team-tourn"]
[EventRounds "11"]
[EventCountry "SRB"]
[SourceTitle "CBM 198 Extra"]
[Source "ChessBase"]
[SourceDate "2020.11.30"]
[SourceVersion "1"]
[SourceVersionDate "2020.11.30"]
[SourceQuality "1"]
[WhiteTeam "Gorni Milanovac"]
[BlackTeam "Cacak Borac"]
[WhiteTeamCountry "SRB"]
[BlackTeamCountry "SRB"]

1. d4 d5 2. c4 c6 3. cxd5 cxd5 4. Nc3 Nc6 5. Bf4 Nf6 6. e3 Bf5 7. Qb3 Na5 8. Bb5+ Bd7 9. Qa4 Nc6 10. Nf3 a6 11. Bxc6 Bxc6 12. Qb3 e6 13. 0-0 Nd7 14. Ne5 Nxe5 15. Bxe5 Bd6 16. Bxd6 Qxd6 17. f4 f5 18. a3 0-0 19. Rf2 Rf7 20. Rc1 Be8 21. Nb1 Rc7 22. Rxc7 Qxc7 23. Rc2 Bc6 24. Qb4 Rc8 25. Nd2 Qd8 26. Nf3 Bb5 27. Rxc8 Qxc8 28. Qc5 Qd8 29. b3 h6 30. Qc2 Kh7 31. a4 Be8 32. h3 b5 33. axb5 Bxb5 34. g4 Qf6 35. h4 Kg8 36. Qc8+ Kh7 37. g5 Qe7 38. h5 Be8 39. g6+ Kg8 40. Qxa6 Kf8 41. Qb6 Qf6 42. Qd6+ Kg8 43. Kf2 1-0

[Event "SRB-ch sf"]
[Site "Novi Banovci"]
[Date "2020.02.28"]
[Round "7"]
[White "Kojovic, Dragan"]
[Black "Ivanovic, Marko"]
[Result "1-0"]
[WhiteElo "2310"]
[BlackElo "2247"]
[PlyCount "107"]
[EventDate "2020.02.24"]
[EventType "swiss"]
[EventRounds "9"]
[EventCountry "SRB"]
[SourceTitle "CBM 195 Extra"]
[Source "ChessBase"]
[SourceDate "2020.05.31"]
[SourceVersion "1"]
[SourceVersionDate "2020.05.31"]
[SourceQuality "1"]

1. Nf3 d6 2. d4 Nf6 3. g3 g6 4. Bg2 Bg7 5. 0-0 0-0 6. Nc3 Nbd7 7. e4 e5 8. a4 c6 9. h3 Re8 10. dxe5 dxe5 11. Bg5 Qc7 12. Nd2 Nc5 13. Nc4 Ne6 14. Bxf6 Bxf6 15. Qd6 Rd8 16. Qxc7 Nxc7 17. Rfd1 Be6 18. Na5 Rab8 19. b4 Bd7 20. Bf1 Be7 21. Rab1 Ne6 22. b5 Nd4 23. Kg2 Be6 24. Bd3 f5 25. f3 Kg7 26. Ne2 Rdc8 27. Nxd4 exd4 28. exf5 gxf5 29. bxc6 b6 30. Nb3 Bxb3 31. Rxb3 Rxc6 32. Bxf5 Rc4 33. Ra1 Rc5 34. Bd3 Re5 35. Rb5 Bc5 36. Rbb1 Rbe8 37. Be4 h6 38. a5 Kf6 39. Rb3 Rg8 40. axb6 Bxb6 41. Rd1 h5 42. h4 Bc7 43. Kh3 a5 44. Rg1 a4 45. Rb7 Rc5 46. Ra7 Ba5 47. Ra1 Ke5 48. Re7+ Kd6 49. Rh7 Re5 50. Rh6+ Kc5 51. Rxa4 Be1 52. Rg6 Rb8 53. Ra1 Bf2 54. Rc6+ 1-0

[Event "Veliko Gradiste Silver Lake op"]
[Site "Veliko Gradiste"]
[Date "2019.06.23"]
[Round "9"]
[White "Kojovic, Dragan"]
[Black "Djurovic, Peko"]
[Result "1-0"]
[WhiteElo "2344"]
[BlackElo "1951"]
[PlyCount "61"]
[EventDate "2019.06.16"]
[EventType "swiss"]
[EventRounds "9"]
[EventCountry "SRB"]
[SourceTitle "CBM 191 Extra"]
[Source "ChessBase"]
[SourceDate "2019.09.30"]
[SourceVersion "1"]
[SourceVersionDate "2019.09.30"]
[SourceQuality "1"]

1. Nf3 d5 2. b3 Nf6 3. Bb2 Bf5 4. g3 e6 5. Bg2 h5 6. d3 Nbd7 7. Nbd2 Bd6 8. c4 c6 9. Qc2 Qb6 10. 0-0 0-0-0 11. a4 a5 12. cxd5 exd5 13. e4 dxe4 14. dxe4 Bg6 15. Nc4 Qc7 16. Nh4 Be5 17. Rad1 Bxb2 18. Nd6+ Kb8 19. Qxb2 Nc5 20. Nxg6 fxg6 21. e5 Ng4 22. h3 Nh6 23. b4 axb4 24. Qxb4 Na6 25. Qe4 Nf7 26. Nc4 Nc5 27. Qe3 Rxd1 28. Rxd1 Qe7 29. Rb1 Kc7 30. e6 Nh6 31. Qe5+ 1-0

[Event "Veliko Gradiste Silver Lake op"]
[Site "Veliko Gradiste"]
[Date "2019.06.19"]
[Round "5"]
[White "Kojovic, Dragan"]
[Black "Radeva, Viktoria"]
[Result "1/2-1/2"]
[WhiteElo "2344"]
[BlackElo "2214"]
[PlyCount "65"]
[EventDate "2019.06.16"]
[EventType "swiss"]
[EventRounds "9"]
[EventCountry "SRB"]
[SourceTitle "CBM 191 Extra"]
[Source "ChessBase"]
[SourceDate "2019.09.30"]
[SourceVersion "1"]
[SourceVersionDate "2019.09.30"]
[SourceQuality "1"]

1. d4 d5 2. Bf4 Nf6 3. e3 e6 4. Nd2 Bd6 5. Bg3 0-0 6. c3 c5 7. Ngf3 Qc7 8. Ne5 Nbd7 9. f4 b6 10. Bd3 Bb7 11. Qb1 c4 12. Bc2 b5 13. 0-0 b4 14. e4 dxe4 15. Nxe4 Nxe4 16. Bxe4 Bxe4 17. Qxe4 bxc3 18. bxc3 Nf6 19. Qe2 Nd5 20. Rf3 Rfc8 21. Raf1 f6 22. Ng4 Re8 23. Qc2 f5 24. Ne5 Bxe5 25. dxe5 Rab8 26. Bf2 Qa5 27. h3 Rb7 28. Rb1 Reb8 29. Rxb7 Rxb7 30. Bd4 Qa3 31. Rf2 a6 32. Kh2 g6 33. Qe2 1/2-1/2

[Event "SRB-ch sf"]
[Site "Kragujevac"]
[Date "2019.03.14"]
[Round "9"]
[White "Rabrenovic, Vladan"]
[Black "Kojovic, Dragan"]
[Result "1/2-1/2"]
[WhiteElo "2322"]
[BlackElo "2354"]
[PlyCount "21"]
[EventDate "2019.03.08"]
[EventType "swiss"]
[EventRounds "9"]
[EventCountry "SRB"]
[SourceTitle "CBM 189 Extra"]
[Source "ChessBase"]
[SourceDate "2019.06.03"]
[SourceVersion "1"]
[SourceVersionDate "2019.06.03"]
[SourceQuality "1"]

1. c4 e6 2. Nf3 Nf6 3. b3 d5 4. Bb2 Be7 5. g3 0-0 6. Bg2 b6 7. 0-0 Bb7 8. e3 c5 9. Qe2 Nc6 10. Ne5 Nxe5 11. Bxe5 1/2-1/2

[Event "SRB-chT"]
[Site "Valjevo"]
[Date "2018.09.06"]
[Round "7.5"]
[White "Arsovic, Goran"]
[Black "Kojovic, Dragan"]
[Result "1-0"]
[WhiteElo "2369"]
[BlackElo "2384"]
[PlyCount "81"]
[EventDate "2018.08.31"]
[EventType "team-tourn"]
[EventRounds "11"]
[EventCountry "SRB"]
[SourceTitle "CBM 186 Extra"]
[Source "ChessBase"]
[SourceDate "2018.08.24"]
[SourceVersion "1"]
[SourceVersionDate "2018.08.24"]
[SourceQuality "1"]
[WhiteTeam "Valjevo Sveti Nikolaj"]
[BlackTeam "Gornji Milanovac Metalac"]
[WhiteTeamCountry "SRB"]
[BlackTeamCountry "SRB"]

1. d4 Nf6 2. Nf3 e6 3. c4 b6 4. a3 Bb7 5. Nc3 d5 6. Bg5 Be7 7. Qa4+ Bc6 8. Qb3 dxc4 9. Qxc4 Bb7 10. e3 0-0 11. Be2 Nd5 12. Bxe7 Qxe7 13. Rc1 Nd7 14. Nxd5 exd5 15. Qb4 Qxb4+ 16. axb4 c6 17. Ra1 a6 18. 0-0 f5 19. g3 Rfe8 20. Ra3 Kf7 21. Rfa1 b5 22. Nh4 g6 23. f4 Nf6 24. Nf3 Ng4 25. Ne5+ Nxe5 26. fxe5 Ke7 27. g4 Rf8 28. Rf1 Bc8 29. Rc3 Bd7 30. gxf5 gxf5 31. Ra3 Rf7 32. Kh1 f4 33. Bh5 Rff8 34. exf4 Bf5 35. Rg3 Be4+ 36. Kg1 Bf5 37. Rg7+ Ke6 38. Rc1 Rac8 39. Kf2 Bh3 40. Ke3 Rf5 41. Be8 1-0